笑怼人生的老后日常套书:《银发川柳4~6》 (Record no. 322415)

000 -LEADER
fixed length control field 00529 a2200157 4500
020 ## - ISBN
ISBN 9786263586390
082 ## - 索书号 Call Number
分类号Classification number 861.51
作者号 Author number 5453 v.04/v.05/v.06
100 ## - 作者
作者 日本公益社团法人全国自费老人之家协会 ; POPLAR社 编
245 ## - 书名 TITLE
书名Title 笑怼人生的老后日常套书:《银发川柳4~6》
250 ## - 版本 EDITION STATEMENT
版本叙述 Edition statement 初版;平装
260 ## - 出版项PUBLICATION, DISTRIBUTION, ETC. (IMPRINT)
出版社 Name of publisher 三采文化股份有限公司
出版日期 Date of publication 2025
出版地 Place of publication 台北市
300 ## - 稽核项 PHYSICAL DESCRIPTION
页数 Number of Pages 124页;127页;124页
尺寸 Dimensions 19公分
500 ## - 一般附注 GENERAL NOTE
附注 General note
700 ## - ADDED ENTRY--PERSONAL NAME
第二作者 / 译者 / 绘者 古谷充子 绘;洪安如 译
942 ## - ADDED ENTRY ELEMENTS (KOHA)
Koha item type Books
Holdings
Source of classification or shelving scheme Not for loan Permanent Location Current Location Shelving location Date acquired Source of acquisition Cost, normal purchase price 部册号Serial Enumeration / chronology Full call number Barcode Cost, replacement price Koha item type
    LIBRARY CHUNG HWA HIGH SCHOOL MUAR LIBRARY CHUNG HWA HIGH SCHOOL MUAR 一楼中文小说区 1st Floor Chinese Fiction Area 2026-01-02 122.20 银发川柳 4:人生已经不迷茫,但是会迷路 861.51 5453 v.04 049820 244.40 Books
    LIBRARY CHUNG HWA HIGH SCHOOL MUAR LIBRARY CHUNG HWA HIGH SCHOOL MUAR 一楼中文小说区 1st Floor Chinese Fiction Area 2026-01-02 122.20 银发川柳 5:比起包容力,我更需要憋尿力 861.51 5453 v.05 049821 244.40 Books
    LIBRARY CHUNG HWA HIGH SCHOOL MUAR LIBRARY CHUNG HWA HIGH SCHOOL MUAR 一楼中文小说区 1st Floor Chinese Fiction Area 2026-01-02 122.20 银发川柳 6:健忘的日子,每一天都格外新鲜 861.51 5453 v.06 049822 244.40 Books

Powered by Koha